Entre celtas e íberos : las poblaciones protohistóricas de las galias e hispania /
Guardado en:
| Formato: | Libro |
|---|---|
| Publicado: |
Madrid :
Real Academia de la Historia / Casa de Velázquez,
2001
|
| Series: | Bibliotheca Archaeologica Hispana ; 8
|
| Materias: | |
| Etiquetas: |
Agregar Etiqueta
Sin Etiquetas, Sea el primero en etiquetar este registro!
|
| LEADER | 00815nam a22002055a 4500 | ||
|---|---|---|---|
| 001 | CEM.cems014401 | ||
| 008 | 130507s2001##################000#0#####d | ||
| 005 | 20210804195556.0 | ||
| 003 | CEMS | ||
| 245 | 0 | 0 | |a Entre celtas e íberos : |b las poblaciones protohistóricas de las galias e hispania / |c Editado Por Luis Berrocal-rangel y Philippe Gardes |
| 260 | |a Madrid : |b Real Academia de la Historia / Casa de Velázquez, |c 2001 | ||
| 300 | |a 248 p. | ||
| 490 | 0 | |a Bibliotheca Archaeologica Hispana ; 8 | |
| 500 | |a Actas de la Mesa Redonda organizada por la Casa de Velázquez y la Universidad Autónoma de Madrid los días 12 y 13 de enero de 1998. | ||
| 590 | |a 1245.014 | ||
| 653 | |a Celtas | ||
| 653 | |a Iberos | ||
| 653 | |a Antropología | ||
| 653 | |a Biblioteca TC | ||
| 859 | |a CEMS |b BIB. CEMS - 11 de abril |h TC |p 1245.014 |t Ej.1 | ||
